Stades de Ligue 2 (2024-2025) - Statistiques

Statistiques générales
  • Ce quiz a été pris 130 fois
    103 depuis la dernière actualisation
  • Le résultat moyen est 10 sur 18
Statistiques - réponses
Équipe Stade Capacité % Correct
Amiens Stade de la Licorne 12.999
86%
FC Metz Stade Saint-Symphorien 28.000
84%
Grenoble Stade des Alpes 20.068
80%
En Avant Guingamp Stade du Roudourou 19.060
80%
ESTAC Stade de l'Aube 20.420
77%
SM Caen Stade Michel-d'Ornano 20.030
71%
FC Lorient Stade du Moustoir 16.787
70%
Paris FC Stade Charléty 19.151
66%
SC Bastia Stade Armand-Cesari 16.048
64%
Red Star Stade Bauer 5.600
59%
FC Annecy Parc des Sports d'Annecy 13.634
54%
Clermont Stade Gabriel-Montpied 10.800
53%
Stade Lavallois Stade Francis-Le-Basser 11.107
41%
AC Ajaccio Stade Michel-Moretti 10.660
39%
Pau FC Nouste-Camp 4.144
37%
USL Dunkerque Stade Marcel-Tribut 5.000
26%
Rodez Stade Paul-Lignon 6.800
21%
FC Martigues Stade Francis-Turcan 11.500
19%
Aucun quiz correspondant
Distribution des résultats
% des personnes avec chaque résultat
Percentile par nombre de réponses
Votre historique - résultats
Vous n’avez pas pris ce quiz depuis la dernière actualisation